000 01030nam a22003017a 4500
001 BR9901969
003 BR-BrBNA
005 20230928100321.0
007 ta
008 230509b bl.||||| |||| 00| 0 por d
040 _aBR-BrBNA
_bpor
_cBiblioteca Nacional de Agricultura
041 _a(Por)
072 _aM12; L73
090 _ M12 BR9901969
100 1 _aCyrino, J.E.P.
100 1 _aMoura, J.C. de (eds.)
110 1 _aFundacao de Estudos Agrarios Luiz de Queiroz, Piracicaba, SP (Brasil)
111 1 _a8. Simposio Brasileiro de Aquicultura; 3. Encontro Brasileiro de Patologia de Organismos Aquaticos
_cPiracicaba, SP (Brazil)
_d11-14 Oct 1994
245 1 _a8. Simposio Brasileiro de Aquicultura; 3. Encontro Brasileiro de Patologia de Organismos Aquaticos; resumos
260 3 _aPiracicaba, SP (Brasil):
_c1994.
300 _a189 p.
650 _aAquicultura
650 _aDoenca Animal
650 _aProducao Animal
650 _aReproducao Animal
909 _a202309
_bLucia
_c55
_dLucia Elande
942 _cBK
999 _c60911
_d60911